An investigation into the stylistic device of climax used in English and Vietnamese pop songs

Introduction; Literature review and theoretical background; Research methodology; ...

Saved in:
Bibliographic Details
Main Author: Cao, Thi Van.
Other Authors: Truong Vien, Assoc.Prof.Dr. (Supervisor.)
Format: Unknown
Language:English
Published: Da Nang : The University of Da Nang, 2014.
Subjects:
Tags: Add Tag
No Tags, Be the first to tag this record!
Institutions: Mạng thư viện Đại học Đà Nẵng
LEADER 02930na a2200373 4500
001 000032579
003 8689
005 20230526082926.0
008 151002s2014 000 eng
040 |a lnn  |c lnn  |d lnn 
041 0 |a eng 
082 1 4 |a 420  |b CA-V 
100 1 |a Cao, Thi Van. 
245 1 3 |a An investigation into the stylistic device of climax used in English and Vietnamese pop songs  |h [Thesis-Luận văn thạc sĩ] /  |c Cao Thi Van ; Truong Vien hướng dẫn. 
246 1 |a Khảo sát về các biện pháp tu từ của cao trào sử dụng trong nhạc nhẹ tiếng Anh và tiếng việt. 
260 |a Da Nang :  |b The University of Da Nang,  |c 2014. 
300 |a viii, 98 p. ;  |c 29 cm + 1 summary. 
500 |a Master thesis of arts in social sciences and humanities. Field: The English language. Code: 60.22.15. 
520 3 |a Introduction; Literature review and theoretical background; Research methodology; ... 
630 0 4 |a English language. 
700 1 |a Truong Vien,  |c Assoc.Prof.Dr.,  |e Supervisor. 
OWN |a LNN 
AVA |a UDN50  |b LNN  |c English  |d 420.4 CA-V  |e available  |t Error 5001 Not defined in file expand_doc_bib_avail.  |f 1  |g 0  |h N  |i 0  |j AN  |k 1 
Z40 3 |y An investigation into the stylistic device of climax used in English and Vietnamese pop songs  |l Library of UFL  |t VIEW  |x http://catalog.udn.vn:80/F?func=service&doc_library=UDN01&local_base=UDN01&doc_number=000032579&sequence=000001&line_number=0001&func_code=DB_RECORDS&service_type=MEDIA  |f TOMTAT_000024500.pdf  |e pdf  |s 000240891  |k 20230526  |m NTMTHI 
Z40 3 |y An investigation into the stylistic device of climax used in English and Vietnamese pop songs  |l Library of UFL  |t VIEW  |x http://catalog.udn.vn:80/F?func=service&doc_library=UDN01&local_base=UDN01&doc_number=000032579&sequence=000002&line_number=0002&func_code=DB_RECORDS&service_type=MEDIA  |f LUANVAN_000024502.pdf  |e pdf  |s 000603007  |k 20230526  |m NTMTHI 
999 |a From the UDN01 
AVA |a UDN50  |b LNN  |c English  |d 420.4 CA-V  |e available  |t Error 5001 Not defined in file expand_doc_bib_avail.  |f 1  |g 0  |h N  |i 0  |j AN  |k 1 
TYP |a Printed language 
856 |y An investigation into the stylistic device of climax used in English and Vietnamese pop songs  |l Library of UFL  |t VIEW  |x http://catalog.udn.vn:80/F?func=service&doc_library=UDN01&local_base=UDN01&doc_number=000032579&sequence=000001&line_number=0001&func_code=DB_RECORDS&service_type=MEDIA  |f TOMTAT_000024500.pdf  |e pdf  |s 000240891  |k 20230526  |m NTMTHI 
856 |y An investigation into the stylistic device of climax used in English and Vietnamese pop songs  |l Library of UFL  |t VIEW  |x http://catalog.udn.vn:80/F?func=service&doc_library=UDN01&local_base=UDN01&doc_number=000032579&sequence=000002&line_number=0002&func_code=DB_RECORDS&service_type=MEDIA  |f LUANVAN_000024502.pdf  |e pdf  |s 000603007  |k 20230526  |m NTMTHI 
980 |a Mạng thư viện Đại học Đà Nẵng